| 000 | 00935cam a2200253 u 4500 | ||
|---|---|---|---|
| 005 | 20041208034837.0 | ||
| 008 | 790814r1979 caua b 000 0 eng | ||
| 010 | _aENG-92480 | ||
| 020 |
_a9788125033608 _c395.00 |
||
| 020 |
_a8125033602 _c395.00 |
||
| 035 | _aEN-76013 | ||
| 037 | _bDBAD / PUB | ||
| 040 |
_adpl _bEnglish |
||
| 082 | _a618.076 | ||
| 100 | _aReddy, Pranathi | ||
| 245 |
_aMRCOG part 2: _cby Pranathi Reddy [and] Uma Ram _ba structured approach / |
||
| 260 |
_aChennai _bOrient Longman _c2008 |
||
| 300 |
_a274p. _c22 cm (pbk) _e1 CD-ROM |
||
| 650 |
_aObstetrics _vExaminations, questions, etc. |
||
| 650 |
_aGynecology _vExaminations, questions, etc. |
||
| 700 | _aRam, Uma | ||
| 942 |
_2ddc _cEN _mRED _h618.076 |
||
| 999 |
_c20914 _d20914 |
||